000 00366nam a2200121Ia 4500
008 220204s9999 xx 000 0 und d
082 _a678.06:339.1(4)
_bJAC.2
245 0 _aMarket for rubber products in Western Europe. Statistical tables. Sec 2. General rubber goods
260 _aEngland
_bRapra
_c1984
505 _aset price
700 _aJackson, N
942 _cBK
999 _c38409
_d38409